La visión del mundo en el arte moderno (Registro nro. 70079)
[ vista simple ]
| 000 -LÍDER | |
|---|---|
| Campo fijo de descripción fija | 01423nab a2200217 i 4500 |
| 001 - NÚMERO DE CONTROL | |
| Campo de control | 768714001 |
| 003 - IDENTIFICADOR DEL NÚMERO DE CONTROL | |
| Campo de control | CO-MdFUSB |
| 005 - FECHA Y HORA DE LA ULTIMA TRANSACCIÓN | |
| control field | 20240606163658.0 |
| 008 - ELEMENTOS DE LONGITUD FIJA -- INFORMACIÓN GENERAL | |
| Campo fijo de descripción fija -- Información general | 240606t1979 ag ||||| |||| 00| 0 spa d |
| 040 ## - FUENTE DE CATALOGACIÓN | |
| Idioma de catalogación | spa |
| Agencia que realiza la transcripción | CO-MdFUSB |
| Agencia que realiza la modificación | CO-MdFUSB |
| 041 ## - CÓDIGO DE IDIOMA | |
| Código de idioma para texto/pista de sonido o título separado | spa |
| 100 ## - ASIENTO PRINCIPAL--NOMBRE PERSONAL | |
| Nombre personal | Ramírez, Eduardo, |
| Término relacionador | autor |
| 245 #3 - TÍTULO | |
| Título | La visión del mundo en el arte moderno |
| Mención de responsabilidad | / Eduardo Ramírez |
| 520 ## - NOTA DE RESUMEN, ETC. | |
| Nota de sumario, etc. | Parte de la herencia que recibimos de Dios en la creación, es la capacidad de ser como él es: creativos y sensibles ante la belleza. Esta dimensión (otra de las respuestas ante el quehacer artístico) no ha sido abordada en el presente trabajo, pero bien podría ser el comienzo de la reflexión personal del lector. Cada obra de arte nos está comunicando un mensaje y nuestra tarea es descifrarlo. Descifrar primero qué nos está diciendo el artista con un trabajo en particular y descifrar luego, cuál es su cosmovisión y por qué lo expresa. De ahí el valor que las obras de arte tienen para el cristiano. Nos abren un camino para entablar el diálogo con los hombres. <br/> |
| 650 #0 - ASIENTO SECUNDARIO DE MATERIA - TERMINO TEMÁTICO | |
| Término temático o nombre geográfico como elemento de entrada | Arte y simbolismo cristiano |
| 9 (RLIN) | 1142 |
| 650 #7 - ASIENTO SECUNDARIO DE MATERIA - TERMINO TEMÁTICO | |
| Término temático o nombre geográfico como elemento de entrada | Arte y religión |
| 9 (RLIN) | 6946 |
| 650 #0 - ASIENTO SECUNDARIO DE MATERIA - TERMINO TEMÁTICO | |
| Término temático o nombre geográfico como elemento de entrada | Simbolismo en el arte |
| 9 (RLIN) | 1138 |
| 773 0# - ASIENTO DE ITEM FUENTE | |
| Biblionumber | 69974 |
| Itemnumber | 82719 |
| Lugar, editorial y fecha de publicación | Buenos Aires |
| Otro identificador del ítem | R2611 |
| Título | Certeza |
| Número de control del registro | (CO-MdFUSB)768714001 |
| Parte(s) relacionada(s) / Volumen., número. (mes año), páginas | Número 73, (abril - junio, 1979) páginas: 12 - 15 |
| Enumeración y primera página | página: 12 |
| 942 ## - TIPO DE MATERIAL (KOHA) | |
| Tipo de Item KOHA | Artículos de Revista |
| 945 ## - INFORMACIÓN LOCAL DEL REGISTRO | |
| Catalogador | Catherine Arias Álvarez - Practicante SENA |
No hay ítems disponibles.
